000 00787nam a2200253 a 4500
001 000019374
005 20200929170010.0
008 100626s1996 ve 000 p spa d
020 _a9800109447
040 _aDO-SdBNP
_bspa
_cBNPHU
082 _annnn
_bL249ó, 1996
100 1 _aLancini, Darío,
_941619
245 1 0 _aOír a Darío :
_bpalíndromos /
_cDarío Lancini ; prólogo de Salvador Garmendia.
250 _a2a ed.
260 _aCaracas, Venezuela :
_bMonte Ávila Latinoamericana,
_c1996.
300 _a89, [2] p. ;
_c20 cm.
490 1 _aAltazor
590 _aAutobiografiado por el autor
650 4 _aPoesía venezolana
_94230
650 4 _aLiteratura venezolana
_93816
700 1 _aGarmendia, Salvador,
_epról.
_93814
830 0 _aAltazor
_98724
049 _aBNGR
999 _c18891
_d18891